[Event "IECC CL5-2020.04 email"]
[Site "IECC email"]
[Date "2020.10.27"]
[Round "?"]
[White "Kohler, Hans Christian"]
[Black "Zaccaria, Vincenzo"]
[Result "1-0"]
[WhiteElo "1484"]
[BlackElo "1327"]
[PlyCount "83"]
[EventDate "2020.??.??"]
[EventType "tourn (corr)"]
[EventRounds "4"]
[SourceTitle "Corr 2024"]
[Source "ChessBase"]
[SourceDate "2023.10.19"]
[SourceVersion "1"]
[SourceVersionDate "2023.10.19"]
[SourceQuality "1"]
[WhiteTeam "Deutschland"]
[BlackTeam "Italien"]
[WhiteTeamCountry "GER"]
[BlackTeamCountry "ITA"]

1. e4 e5 2. Nf3 Nf6 3. Nc3 Nc6 4. Bb5 Nd4 5. d3 c6 6. Bc4 d5 7. exd5 cxd5 8. Bb3 Bg4 9. Ba4+ Nd7 10. Nxd5 Qa5+ 11. Nc3 0-0-0 12. Bxd7+ Rxd7 13. h3 Bxf3 14. gxf3 Bb4 15. Bd2 Qc7 16. a3 Ba5 17. Kf1 Qc6 18. Ne2 Qxf3 19. Rh2 Bxd2 20. Qxd2 Nxe2 21. Qxe2 Qxe2+ 22. Kxe2 Rhd8 23. Rg2 g6 24. Rg4 Rd4 25. Re1 f5 26. Rxd4 Rxd4 27. Kf3 Kd7 28. Rxe5 h6 29. b3 a6 30. a4 Rb4 31. a5 Kd6 32. Re8 Rb5 33. Rh8 h5 34. Rg8 Rxa5 35. Rxg6+ Ke5 36. Ke3 f4+ 37. Kd2 Ra1 38. Rh6 Rf1 39. Rxh5+ Kd6 40. Ke2 Rc1 41. c4 Rb1 42. h4 1-0

[Event "IECC CL5-2020.04 email"]
[Site "IECC email"]
[Date "2020.10.27"]
[Round "?"]
[White "Van Boven, Maarten"]
[Black "Zaccaria, Vincenzo"]
[Result "1/2-1/2"]
[WhiteElo "1611"]
[BlackElo "1318"]
[PlyCount "59"]
[EventDate "2020.??.??"]
[EventType "tourn (corr)"]
[EventRounds "4"]
[SourceTitle "Corr 2024"]
[Source "ChessBase"]
[SourceDate "2023.10.19"]
[SourceVersion "1"]
[SourceVersionDate "2023.10.19"]
[SourceQuality "1"]
[WhiteTeam "Niederlande"]
[BlackTeam "Italien"]
[WhiteTeamCountry "NED"]
[BlackTeamCountry "ITA"]

1. b4 e5 2. Bb2 Bxb4 3. Bxe5 Nf6 4. e3 0-0 5. Nc3 Be7 6. Nf3 d6 7. Bf4 a6 8. Bd3 b5 9. 0-0 c5 10. Re1 Bb7 11. a3 Re8 12. e4 Nbd7 13. Bf1 Nf8 14. Rb1 Ng6 15. Bg3 Rc8 16. a4 b4 17. Bc4 Bf8 18. Re3 Ng4 19. Re1 Nf6 20. Re3 h6 21. Nh4 Ne5 22. Bxe5 Rxe5 23. Ng6 Re8 24. Nf4 Nxe4 25. Ncd5 Nf6 26. Rxe8 Nxe8 27. Qe2 Nc7 28. Nxc7 Qxc7 29. Re1 Qd7 30. Nd5 1/2-1/2